000 00547cam a22002053a 4500
001 40772
003 PGUSA
005 20140828083918.0
008 120915s2012||||xxu|||||s|||||000 | eng d
040 _aPGUSA
_beng
042 _adc
100 1 _aHamel, Frank
245 1 0 _aHuman Animals
_h[electronic resource] /
_cFrank Hamel
260 _bProject Gutenberg,
_c2012
506 _aPublic domain in the USA.
516 _aElectronic text
830 0 _aProject Gutenberg
_v40772
856 4 0 _uhttp://www.gutenberg.org/ebooks/40772
942 _cEB
999 _c270024
_d270024